书目信息 |
| 题名: |
橡塑添加剂生产与应用技术
|
|
| 作者: | 韩长日 主编 | |
| 分册: | ||
| 出版信息: | 北京 中国石化出版社 2007.08 |
|
| 页数: | 457页 | |
| 开本: | 20cm | |
| 丛书名: | ||
| 单 册: | ||
| 中图分类: | TQ330.38 | |
| 科图分类: | ||
| 主题词: | 橡胶工业 | |
| 电子资源: | ||
| ISBN: | 978-7-80229-315-1 | |
| 000 | 00606nam0 2200217 45 | |
| 001 | 0929072562 | |
| 005 | 20091020080526.65 | |
| 010 | @a978-7-80229-315-1@dCNY68.00 | |
| 100 | @a20090515d2007 ekmy0 y0120 ea | |
| 102 | @aCN@b130000 | |
| 102 | @aCN@b110000 | |
| 105 | @ay z 000yy | |
| 200 | 1 | @a橡塑添加剂生产与应用技术@f韩长日 等主编@Fhan chang ri deng zhu bian |
| 210 | @a北京@c中国石化出版社@d2007.08 | |
| 215 | @a457页@d20cm | |
| 606 | 0 | @a橡胶工业 |
| 690 | @aTQ330.38@v4 | |
| 701 | 0 | @a韩长日@Ahan chang ri@4主编 |
| 801 | 0 | @aCN@c20091020 |
| 905 | @a10447@dTQ330.38@eH077 | |
| 906 | @d68@n2@r1 | |
| 橡塑添加剂生产与应用技术/韩长日 等主编.-北京:中国石化出版社,2007.08 |
| 457页;20cm |
| ISBN 978-7-80229-315-1:CNY68.00 |
| ● |
| 相关链接 |
|
|
|
正题名:橡塑添加剂生产与应用技术
索取号:TQ330.38/H077
 
预约/预借
| 序号 | 登录号 | 条形码 | 馆藏地/架位号 | 状态 | 备注 |
| 1 | 895535 | 208955353 | 自科二线504/504自科库 42排1列1层/ [索取号:TQ330.38/H077] | 在馆 | |
| 2 | 895536 | 208955362 | 自科二线504/504自科库 42排3列5层/ [索取号:TQ330.38/H077] | 在馆 |